000 01916nam0a22003611 4500
001 v19\rc\2111107
005 20260405135626.0
035 _a(NLR Aleph) 005182069
090 _a5139520
_c5139520
100 _a20090914d1819 |||y0rusy50 ca
101 0 _arus
102 _aRU
105 _ay z |||||
200 1 _aОпыт сельскаго устава для помещичьяго имения, состоящаго на оброке
210 _aСанктпетербург
_cв типографии Н. Греча
_d1819
215 _a16 с.
_d8° (20 см)
300 _aВ конце предисл. авт.: Член разных ученых обществ и правитель дел Филотехническаго, статский советник и кавалер Василий Каразин. Октября 29 дня 1819 года.
300 _aОпубл. также в журн. "Украинский вестник" под загл.: Времянный устав сельца Анашкина с деревнями. - 1818. - Ч. 10, май. - С. 231-242
321 1 _aСК 1801-1825 3382
488 0 _12001#$aУкраинский вестник$hЧ. 10, май
_1210##$d1818
_1215##$aС. 231-242
_tУкраинский вестник
517 1 _aВремянный устав сельца Анашкина с деревнями
518 1 _aОпыт сельского устава для помещичьего имения, состоящего на оброке
620 _dСанкт-Петербург
700 1 _4570
_8rus
_7ca
_aКаразин
_bВ. Н.
_f1773-1842
_gВасилий Назарович
_3RU\NLR\AUTH\7755993
_938925
801 0 _aRU
_bNLR
_gpsbo
801 1 _aRU
_bProSoft-M
_2rusmarc
801 2 _aRU
_bNLR
_c20151109
_2rusmarc
852 _aNLR
_j138/911
852 _aNLR
_j18.100.2.393
942 _cBOOK
980 _aNB
980 9 _akprsl